MARC

LEADER 00000nam0a2200000 4500
001 368063
005 20231102012039.0
035 |a (RuTPU)RU\TPU\retro\25426 
090 |a 368063 
100 |a 20220330d1980 km y0rusy50 ca 
101 0 |a ira  |a rus 
102 |a RU 
105 |a y e 001zy 
200 1 |a Гилянско-русский словарь  |f А. А. Керимова, А. К. Мамедзаде, В. С. Расторгуева 
210 |a Москва  |c Наука  |d 1980 
215 |a 468 с. 
320 |a Указатели: с. 290-465 
606 1 |a Иранские языки  |2 stltpush  |3 (RuTPU)RU\TPU\subj\13137  |9 39796 
610 1 |a лексика 
610 1 |a словари 
610 1 |a Иран 
610 1 |a гилянский язык 
610 1 |a русский язык 
610 1 |a стилистические особенности 
686 |a Ш152  |v LBC/SL-A  |2 rubbk 
700 1 |a Керимова  |b А. А.  |g Аза Алимовна 
701 1 |a Мамедзаде  |b А. К.  |g Ахмед Керимович 
701 1 |a Расторгуева  |b В. С.  |g Вера Сергеевна 
801 1 |a RU  |b 63413507  |c 20220330 
801 2 |a RU  |b 63413507  |c 20230221  |g RCR 
942 |c BK